000 01756nam0a2200421 4500
001 RU\NLR\BIBL_A\012503273
005 20210825162916.0
010 _a978-5-6043180-2-7
_92000
021 _aRU
_bКН-П-20-078866
_9КН-П-20-5973
035 _a(NLR Aleph) 012503273
035 _a(RuMoRGB)010508392
090 _a12240598
_c12240598
100 _a20210414d2020 u y0rusy50 ca
101 0 _arus
102 _aRU
105 _a||||zzzz0||zy
181 0 _ai4
_baxxe
182 0 _an
200 1 _aРусские и евреи в драме истории
_eот Адама до Антихриста
_fМихаил Назаров
203 _aТекст
_bвизуальный
_cнепосредственный
210 _aМосква
_cРусская идея
_aСанкт-Петербург
_cРусская лира
_d2020
215 _a703, [1] с.
_d21
320 _aБиблиогр. в подстроч. примеч. и в тексте
320 _aУказ. имен: с. 690-701
606 1 _aЕврейский вопрос
_yРоссия
_91135905
_3RU\NLR\AUTH\66451616
606 1 _aХристианство и иудаизм
_92128418
_3RU\NLR\AUTH\661284408
606 1 _aАпологетика христианская
_91017359
_3RU\NLR\AUTH\6670546
686 1 _aТ3(29=Е)0,02
686 2 _aЭ372.24-451
686 2 _aЭ372.24-198.6
700 1 _7ca
_8rus
_aНазаров
_bМ. В.
_cписатель
_f1948-
_gМихаил Викторович
_9126109
_3RU\NLR\AUTH\7716470
942 _cBOOK
980 _aNBR
980 _aNB